00270nam a2200121Ia 4500008004100000082001600041100002200057245002200079250000800101260002300109300000800132650000800140191201s2008 xx 000 0 und d a658.87bSCC aSCHIFFMAN, Leon G 0aConsumer Behavior a9th aN.DelhibPHIc2008 a561 aMBA